banner-ar

الحرارة والديناميكا الحرارية:مرجع مرحلة جامعيةمتوسطة / (Record no. 52617)

MARC details
000 -الفاتح
حقل البيانات ثابتة الطول 00737nam a2200217Ia 4500
008 - عناصر البيانات ثابتة الطول - معلومات عامة
حقل البيانات ثابتة الطول 140319s9999 xx 000 0 ara d
040 ## - مصدر الفهرسة
وكالة الفهرسة الأصلية GCL /
وكالة النسخ GCL
082 04 - رقم تصنيف ديوى العشرى
رقم التصنيف 536
رقم المادة م ح
100 1# - المدخل الرئيسى - إسم شخصى
الإسم الشخصى ديتمان، ريتشارد هـ .
245 10 - بيان العنوان
العنوان الحرارة والديناميكا الحرارية:مرجع مرحلة جامعيةمتوسطة /
بيان المسئوليه,etc ديتمان، ريتشارد هـ .
700 1# - المدخل الاضافى - اسم شخصى
الإسم الشخصى زيمانسكى، مارك
700 1# - المدخل الاضافى - اسم شخصى
الإسم الشخصى محسن سالم رضوان
260 ## - PUBLICATION, DISTRIBUTION, ETC. (IMPRINT)
تاريخ النشر أو التوزيع 1981
300 ## - الوصف المادى
التعداد 655 ص
490 ## - بيان السلسلة
عنوان السلسلة
650 04 - المدخل الاضافى بالموضوع-مصطلح موضوعى
مصطلح موضوعي الديناميكا
650 04 - المدخل الاضافى بالموضوع-مصطلح موضوعى
مصطلح موضوعي الديناميكا الحرارية
650 04 - المدخل الاضافى بالموضوع-مصطلح موضوعى
مصطلح موضوعي الحرارة
942 ## - عناصر المدخل الإضافي( كوها)
مصدر التصنيف او مخطط الترفيف Dewey Decimal Classification
Koha [default] item type كتاب
260 ## - PUBLICATION, DISTRIBUTION, ETC. (IMPRINT)
-- [S.N] :
-- دار ماكجروهيل للنشر ،
Holdings
حالة التراجع حالة الفقد حالة تلف ليس للاعارة المكان المؤقت الموقع الحالى تاريخ الاكتساب اجمالي اﻻعارات رقم الطلب الباركود تاريخ اخر مشاهدة تاريخ تفعيل السعر نوع وعاء كوها
        مكتبة القاهرة الكبرى مكتبة القاهرة الكبرى 03/26/2014   536\م ح 126132 03/26/2014 03/26/2014 كتاب
        مكتبة القاهرة الكبرى مكتبة القاهرة الكبرى 03/26/2014   536\م ح 126133 03/26/2014 03/26/2014 كتاب

Powered By

EGPV